Statistics for European cities by picture

Click here to take the quiz!

General Stats

  • This quiz has been taken 666 times
  • The average score is 11 of 16

Answer Stats

Answer% Correct
Rome
95%
Athens
88%
Berlin
71%
Moscow
71%
Barcelona
70%
Amsterdam
69%
Bruxelles
69%
London
68%
Copenhagen
67%
Milan
66%
Prague
65%
Saint Petersburg
62%
Kyiv
60%
Madrid
59%
Stockholm
51%
Paris
32%

Score Distribution

Percentile by Number Answered

Percent of People with Each Score

Your Score History

You have not taken this quiz